[Event "CHI-chT"]
[Site "Chile"]
[Date "2023.11.08"]
[Round "3.3"]
[White "Quintana Morales, Matias"]
[Black "Barria Otey, Oscar Bairon"]
[Result "1/2-1/2"]
[WhiteElo "1036"]
[BlackElo "1508"]
[PlyCount "68"]
[EventDate "2023.11.07"]
[EventType "team-tourn"]
[EventRounds "7"]
[EventCountry "CHI"]
[SourceTitle "CB46_2023"]
[SourceDate "2023.11.15"]
[SourceVersion "1"]
[SourceVersionDate "2023.11.15"]
[SourceQuality "1"]
[WhiteTeam "PUCV"]
[BlackTeam "UACH"]
[WhiteTeamCountry "CHI"]
[BlackTeamCountry "CHI"]

1. e4 e5 2. Nf3 Nc6 3. d4 exd4 4. Nxd4 Nf6 5. Nxc6 bxc6 6. Nd2 d5 7. exd5 cxd5 8. Qe2+ Be7 9. g3 0-0 10. Bg2 Re8 11. 0-0 a5 12. Rd1 Bc5 13. Qb5 Bb6 14. Nf3 Ba6 15. Qa4 Re4 16. Nd4 Rxd4 17. Rxd4 Bxd4 18. Qxd4 Rb8 19. b3 Qe7 20. Bg5 c6 21. Bxf6 Qxf6 22. Qxf6 gxf6 23. f4 Re8 24. Bf1 Bxf1 25. Kxf1 Re4 26. Re1 f5 27. Re2 Kg7 28. Kf2 Kf6 29. Kf3 h5 30. h4 Ke6 31. c3 c5 32. a3 Kd6 33. Re3 f6 34. Ke2 Kc6 1/2-1/2